Statistics for All 1M Cities on the Borderless World Map with hints on Dots by typing Countries

Click here to take the quiz!

General Stats

  • This quiz has been taken 1,546 times
  • The average score is 684 of 1104

Answer Stats

City % Correct
_e______
94%
L__________
93%
Tijua__
93%
_o____
92%
R_____________
92%
San Luis P_____
92%
Leó_
92%
_o____
92%
Tolu__
92%
G__________
92%
Pue___
92%
Miam_
92%
Aguascalient__
92%
Mérid_
92%
Mexico City
92%
Cuernavac_
92%
Mexical_
92%
_e_________
92%
Querétar_
92%
Ciudad ______
92%
Torreó_
92%
Mo_______
92%
_e___
91%
_a___
91%
Seattl_
91%
Melbourn_
91%
San _________
91%
Ch_____
91%
M_____
91%
_ã_______
91%
Dalla_
91%
New York
90%
Ko_____
90%
Housto_
90%
S_______________
90%
Was_______
90%
Recif_
90%
B________
90%
_a____
90%
Bosto_
90%
Manau_
90%
Detroi_
90%
Denve_
89%
São Luí_
89%
_o_____
89%
Salvad__
89%
Campina_
89%
Curitib_
89%
Nata_
89%
Ro__
89%
Goiâni_
89%
Belé_
89%
Las Vega_
89%
Be____________
89%
Be____
89%
M________
89%
_a___
89%
London
89%
Fortale__
89%
Atlant_
89%
Va_______
89%
Santo_
89%
Teresin_
89%
Por_________
89%
João Pesso_
89%
Rome
88%
Phoeni_
88%
_y____
88%
Bras____
88%
Macei_
88%
Austi_
88%
Portlan_
88%
_i__
88%
Vitóri_
88%
Chen___
88%
San Dieg_
88%
Ban______
88%
Glasg__
88%
_a______
88%
_o___
88%
Ma________
88%
Philad______
88%
_i____
88%
New Orlean_
87%
_t_______
87%
_u____
87%
Tamp_
87%
Salt Lake Cit_
87%
_a____
87%
Orland_
87%
Memphi_
87%
M_______
87%
N_____
87%
P____
87%
Munic_
87%
Minneapoli_
87%
Moscow
87%
_u__________
87%
_o____
87%
Hyder____
87%
Saint Loui_
86%
Los Angeles
86%
A_____
86%
Nashvill_
86%
_a____
86%
Ahmeda___
86%
_o__________
86%
Madrid
86%
C________
86%
Miami
86%
Paris
86%
Be_____
86%
Honolul_
86%
San Antoni_
86%
Jacksonvill_
86%
_i___
86%
_s______
86%
Live_____
86%
B_________
86%
_s__
86%
Luckno_
85%
Cincinnat_
85%
Jaipu_
85%
_a____
85%
Ottaw_
85%
Oklahoma Cit_
85%
S_______
85%
Kansas Cit_
85%
Per__
85%
Sacrament_
85%
Barcelona
85%
Lisbon
85%
Pun_
85%
_t____
85%
Agr_
85%
San Jua_
85%
C______
85%
_a____
85%
Ma_______
85%
_a_____
85%
_a_____
85%
Sura_
85%
Srinaga_
84%
W_____
84%
Vishakhapatna_
84%
Charlott_
84%
Bareill_
84%
Sydney
84%
Berlin
84%
Cairo
84%
Cal____
84%
Jabalpu_
84%
Bhopa_
84%
Indor_
84%
Patn_
84%
_e____
84%
Pittsburg_
84%
Chandigar_
84%
Va______
84%
Hamb___
84%
Coimbator_
84%
A________
84%
Vadodar_
84%
Tiruchirappall_
84%
Morādābā_
84%
Mysor_
84%
_a______
84%
O____
84%
Meeru_
84%
_o________
84%
Madura_
84%
Columbu_
84%
L___
84%
_u_______
84%
Rajko_
84%
Aurangaba_
84%
Edmo____
84%
Milwauke_
84%
Koch_
84%
Raleig_
84%
Jamshedpu_
84%
Allahaba_
84%
A_________
84%
Ranch_
84%
Jalandha_
84%
Tiruppu_
84%
Clevelan_
84%
Hubl_
84%
Bhubaneswa_
84%
Guwahat_
84%
Ludhian_
84%
Nashi_
84%
Dublin
84%
Jodhpu_
84%
Kot_
84%
Kanpu_
84%
Sale_
84%
Vijayawad_
84%
Nagpu_
84%
Varanas_
84%
San Francisco
84%
_a_____
84%
_e______
84%
Āsanso_
83%
Sev____
83%
Gwalio_
83%
Tunis
83%
Va______
83%
Dhanba_
83%
_a_________
83%
Saint Petersburg
83%
Buffal_
83%
Lima
83%
Fra______
83%
Toronto
83%
Amritsa_
83%
Alīgar_
83%
Hong Kon_
83%
_i____
83%
_i__
83%
Melbourne
83%
Seattle
83%
Solapu_
83%
Melbourne
83%
Chicago
83%
_a________
83%
Q____
83%
El Pas_
83%
Panama City
83%
Oslo
83%
Tokyo
83%
_u___
83%
Washington
83%
Bhila_
83%
_a___
82%
_a_____
82%
Havana
82%
Dallas
82%
Sana'a
82%
Br______
82%
_u______
82%
_e___
82%
_u______
82%
Stockholm
82%
Amsterdam
82%
M_______
82%
_r______
82%
Indianapoli_
82%
Copenhagen
82%
Istanbul
82%
_a____
82%
R____
82%
_u_______
81%
_l_____
81%
Louisvill_
81%
Rio de Janeiro
81%
Manila
81%
Buenos Aires
81%
_a_____
81%
Adel____
81%
_u___
81%
_o____________
81%
_o______________
81%
_r____
81%
Lee__
81%
Ankara
81%
Warsaw
81%
Vancouver
81%
Athens
81%
Houston
81%
Santiago
81%
Boston
81%
Munich
80%
Cape Town
80%
Virginia Beac_
80%
Johannesburg
80%
Xi'a_
80%
_e____________
80%
Guatemala City
80%
_u____________
80%
Manchester
80%
Delhi
80%
Newcast__
80%
_i______
80%
Mec__
80%
Kiev
80%
Tur__
80%
_h______
80%
Helsinki
80%
Richmon_
80%
_u__________
80%
Naples
80%
H____
80%
Singapore
79%
Cheng__
79%
Perth
79%
São Paulo
79%
_i_______
79%
_a______
79%
Porto
79%
_a_____
79%
Bogotá
79%
Abu__
79%
Budapest
79%
Hartfor_
79%
Brussels
79%
Bangkok
79%
Milan
79%
Jakarta
79%
_i____
79%
Seoul
78%
Montréal
78%
_o___
78%
_r_____
78%
Beijing
78%
Denver
78%
Tehran
78%
Bord____
78%
_i___
78%
Prague
78%
Sheffi___
78%
_h______
78%
Ca__
78%
Detroit
78%
_d_________
78%
Du____
78%
Yeka_________
78%
Atlanta
78%
Stutt____
78%
Na____
78%
_a____
78%
_h___
78%
Glasgow
78%
_o________
77%
Alexandria
77%
Sapp___
77%
_o_______
77%
Dubai
77%
Chongqin_
77%
Wuha_
77%
Xiam__
77%
Tia____
77%
Mumbai
77%
Harbi_
77%
Caracas
77%
Toulo___
77%
J_____
77%
_m___
77%
_a___________
77%
Greensbor_
77%
_e______
77%
A________
77%
Volgo____
77%
Harrisbur_
77%
Las Vegas
77%
Baghdad
77%
_a_____
77%
Bucharest
77%
San José
77%
Ni_____________
76%
_a___
76%
San Diego
76%
Iz___
76%
Nov________
76%
_a___________
76%
Hangzh__
76%
L_____
76%
Vienna
76%
Nanjin_
76%
Phoenix
76%
Mála__
76%
_n__________
76%
Algiers
76%
Ürümq_
76%
Hamburg
76%
_s______
76%
Fe_
76%
Quito
76%
_i____
76%
_o_______
76%
Marseille
76%
Liverpool
76%
Stockto_
75%
Osaka
75%
_c___
75%
Orlando
75%
_e____
75%
_o_____
75%
Nottingh__
75%
Philadelphia
75%
Port-au-Prince
75%
Casablanca
75%
_u____
75%
Hanoi
75%
Riyadh
75%
_a__________
75%
Dalia_
75%
Auckland
75%
Hyde_____
75%
Rosto_
75%
Cape Cora_
75%
Cologne
75%
Ottawa
75%
McAlle_
75%
_o__
75%
Medi__
75%
Kaza_
74%
Shanghai
74%
Kunmin_
74%
Portland
74%
Minsk
74%
Sofia
74%
Southampt__
74%
_u____
74%
Shenyan_
74%
_u____
74%
Ho Chi Minh City
74%
_a__
74%
Dhaka
74%
La Paz
74%
Qingda_
74%
Shanto_
73%
Kuwait City
73%
Kuala Lumpur
73%
_b_____
73%
Hefe_
73%
Tel Aviv-Jaffa
73%
New Orleans
73%
Hiroshi__
73%
Austin
73%
Samar_
73%
Por___________
73%
Per_
73%
Damascus
73%
T__________
73%
Rabat
73%
Oms_
73%
Nannin_
73%
Nairobi
73%
Frankfurt
73%
C______
73%
Brasília
73%
Taipei
73%
_a___
73%
Hanove_
73%
_u_________
73%
Lyon
73%
Birmingham
73%
_y_______
73%
Belgrade
73%
Lanzho_
72%
Brisbane
72%
Lagos
72%
Lil__
72%
Kolkata
72%
Minneapolis
72%
Wenzho_
72%
Zhengzho_
72%
Fuzho_
72%
Su______
72%
B____
72%
Changsh_
72%
K___
72%
Khartoum
72%
_a____
72%
Nurember_
72%
Marr_____
72%
Bar_________
72%
Abu Dhabi
72%
Addis Ababa
72%
Kinshasa
72%
Valencia
71%
Ningb_
71%
_a_____
71%
_u_______
71%
Changchu_
71%
Jina_
71%
Tripoli
71%
Taiyua_
71%
C___
71%
Baoto_
71%
Uf_
71%
Odes__
71%
Tampa
71%
Salt Lake City
71%
Chelya_____
71%
Montevideo
71%
Valencia
71%
Amman
71%
Haiko_
70%
Guiyan_
70%
_a____
70%
Wux_
70%
Nanchan_
70%
_a____
70%
Jili_
70%
Carta____
70%
Sarato_
70%
_l_________
70%
Ro_____
70%
Karachi
70%
Guangzhou
70%
Rotterdam
70%
Zurich
70%
Edmonton
70%
Seville
70%
Santo Domingo
70%
Hong Kong
70%
Shijiazhuan_
69%
Guili_
69%
_a_______
69%
Antaly_
69%
Adelaide
69%
Baodin_
69%
Jacksonville
69%
San Antonio
69%
Doha
69%
_e_____
69%
Zib_
69%
_o______
69%
Denpasa_
69%
Mannhei_
69%
B______
69%
Tangsha_
69%
Krasnoyars_
69%
Qiqiha_
69%
Taizho_
69%
Beirut
69%
Dakar
69%
Ansha_
69%
_h________
69%
Xuzho_
69%
_a______
69%
Mogadishu
69%
Fuk____
69%
Hohho_
69%
Changzho_
69%
Tangi__
68%
Voronez_
68%
Med__
68%
Pyongyang
68%
Tai'a_
68%
Kaifen_
68%
_r______
68%
Luoyan_
68%
Nanton_
68%
Calgary
68%
M________
68%
Cix_
68%
Yanta_
68%
_a____
68%
Liny_
68%
Huizho_
68%
Daton_
68%
M______
68%
Senda_
68%
Daqin_
68%
Weifan_
68%
Hengyan_
68%
Mecca
68%
Leeds
68%
Baku
68%
Dar es Salaam
68%
Putia_
67%
Lianyungan_
67%
Maomin_
67%
Xinin_
67%
Handa_
67%
Colombo
67%
Nanchon_
67%
Guadalajara
67%
Zhuha_
67%
Antananarivo
67%
Jinin_
67%
Wuh_
67%
Yichan_
67%
_b_____
67%
Qingyua_
67%
Qinhuangda_
67%
Zhanjian_
67%
Bengb_
67%
Cleveland
67%
Saint Louis
67%
Nah_
67%
Mianyan_
67%
Men____
67%
Honolulu
67%
Baoj_
67%
Huai'a_
67%
Huaina_
67%
Bur__
67%
Liuzho_
67%
V_________
67%
_u____
67%
Turin
67%
San Salvador
67%
Is_____
67%
Kansas City
67%
S_________
66%
Yinchua_
66%
Xiangyan_
66%
C_________
66%
K______
66%
Yanchen_
66%
Fa________
66%
Nashville
66%
Port_________
66%
_o_____
66%
Gazia____
66%
Ma'ansha_
66%
Anyan_
66%
Zuny_
66%
Memphis
66%
Sacramento
66%
Jiangyi_
66%
Jiaozu_
66%
Abuja
66%
Luanda
66%
San Juan
66%
Adan_
66%
Do_____
66%
Ib____
66%
Accra
66%
O___
66%
Yangzho_
66%
Xingta_
66%
Asunción
66%
Huaibe_
66%
A_____
66%
Yiw_
66%
Da___
66%
Xiangta_
66%
Kabul
66%
Nanyan_
66%
_i____
66%
Benx_
66%
Wanzho_
66%
Zhuzho_
66%
Rizha_
66%
Jinzho_
66%
Buca_______
66%
Chifen_
66%
Changsh_
66%
Cangna_
66%
Bordeaux
65%
Tbilisi
65%
Zhenjian_
65%
Palemb___
65%
Ba___
65%
_a____
65%
Zhangjiako_
65%
_a_____
65%
Da____
65%
M____
65%
A______
65%
_r_________
65%
Newcastle
65%
Makas___
65%
Kony_
65%
Bangalore
65%
Xinxian_
65%
Recife
65%
Charlotte
64%
Oklahoma City
64%
Ulaanbaatar
64%
The Ruhr
64%
Co________
64%
M______
64%
_l____
64%
_i______
64%
Cincinnati
64%
_a______
64%
Managua
64%
Tabr__
64%
_o________
63%
Manaus
63%
Toulouse
63%
Indianapolis
63%
Chennai
63%
Shi___
63%
Kitaky____
63%
Kathmandu
63%
Okaya__
63%
Sema____
63%
Stuttgart
63%
Qo_
63%
Kayser_
63%
Medellín
63%
Muscat
63%
Monterrey
62%
Fuj_
62%
_u_________
62%
Belo Horizonte
62%
Pittsburgh
62%
_i_____
62%
Columbus
62%
Phnom Penh
62%
G__________
62%
Aga___
62%
Raw_______
62%
Milwaukee
62%
Yogyakart_
62%
Hamamats_
62%
Dni___________
61%
L_________
61%
_o__
61%
Bata_
61%
Lahore
61%
Kampala
61%
Co________
61%
M_______
61%
Multa_
61%
Kumamot_
61%
_'_______
61%
Yerevan
61%
Barq________
60%
Harare
60%
Ahva_
60%
Tashkent
60%
Pekanbar_
60%
Surakart_
60%
Benin ____
60%
G___
60%
Málaga
60%
Xi'an
60%
Salvador
60%
Freetown
60%
Raleigh
60%
Peshawa_
60%
Shizuok_
60%
Kadun_
60%
Quett_
60%
Da___
60%
Malan_
60%
_s______
60%
Tijuana
60%
Ab_
60%
Onitsh_
60%
Tegucigalpa
60%
Bandar Lampun_
60%
Maputo
60%
Mar____
60%
Maidugur_
59%
Odessa
59%
Mb________
59%
Seran_
59%
Hyderabad
59%
Durban
59%
Busan
59%
Bamako
59%
Erb__
59%
Monrovia
59%
Jeddah
59%
Hyderabad
59%
Yangon
58%
Izmir
58%
Buffalo
58%
Nagoya
58%
Gujra_____
58%
Kirk__
57%
Sapporo
57%
Ang____
57%
Fez
57%
Hanover
57%
Lusaka
57%
El Paso
57%
Manama
56%
K_____
56%
Sheffield
56%
Niamey
56%
Kigali
56%
_a____________
56%
Nuremberg
55%
Medina
55%
Antwerp
55%
Gwan___
55%
Yaoundé
55%
P___________
55%
Cali
55%
Fortaleza
54%
K________
54%
Richmond
54%
D_____
54%
Bishkek
54%
Louisville
54%
Conakry
54%
Belém
53%
Virginia Beach
53%
Porto Alegre
53%
Ahmedabad
53%
Dae____
53%
Chengdu
53%
_o_____
53%
Abidjan
53%
Bangui
52%
Ulsa_
52%
S_____
52%
Ouagadougou
52%
Volgograd
52%
N'Djamena
52%
Yekaterinburg
52%
Tianjin
52%
Hiroshima
52%
Southampton
52%
Lilongwe
52%
Aleppo
52%
Ashgabat
51%
Almaty
51%
Ta______
51%
Nouakchott
51%
Nottingham
51%
Wuhan
51%
Tai___
51%
Xiamen
50%
Changw__
50%
Brazzaville
50%
Chongqing
50%
Lille
50%
Marrakesh
50%
Port Elizabeth
49%
Guayaquil
49%
Lomé
49%
Nanjing
48%
Nizhny Novgorod
48%
Donetsk
48%
Córdoba
48%
Surabaya
48%
Ürümqi
48%
Curitiba
48%
Pune
47%
Mannheim
47%
Chittagong
47%
Hartford
46%
Kh____
46%
Novosibirsk
46%
Harbin
46%
Mérida
46%
Ciudad Juárez
46%
Rostov
46%
Jaipur
45%
Kazan
45%
Tangier
45%
Antalya
45%
Kano
45%
Mombasa
45%
Omsk
45%
Samara
44%
Mosul
44%
Kharkiv
44%
C_______
44%
Hangzhou
44%
Katowice
43%
Mexicali
43%
Agra
43%
Natal
43%
Harrisburg
43%
Cebu
42%
Oran
42%
São Luís
42%
Gaza
41%
Bandung
41%
Dalian
41%
Surat
41%
Shenyang
41%
Greensboro
41%
Barranquilla
41%
Perm
41%
Ufa
40%
Lucknow
40%
Qingdao
40%
Maracaibo
40%
Puebla
39%
Rosario
39%
Kunming
39%
Cape Coral
38%
Basra
38%
León
38%
Santa Cruz
38%
Shantou
38%
Nagpur
38%
Fukuoka
38%
Vitória
37%
Cartagena
37%
Isfahan
37%
Denpasar
37%
Mandalay
36%
Faisalabad
36%
Dnipropetrovsk
36%
Douala
36%
Valparaíso
36%
Mashhad
36%
Medan
36%
Zhengzhou
36%
Nanning
35%
Wenzhou
35%
Chelyabinsk
35%
McAllen
35%
George Town
35%
Sendai
35%
Kanpur
35%
Hefei
35%
Davao
35%
Goiânia
34%
Saratov
34%
Daegu
34%
Ibadan
34%
Changsha
33%
Mendoza
33%
Campinas
33%
Stockton
33%
Adana
33%
Bhopal
33%
Fuzhou
33%
Dammam
33%
Cotonou
32%
Krasnoyarsk
32%
Teresina
32%
Torreón
32%
Port Harcourt
32%
Bursa
31%
Patna
31%
Lanzhou
31%
Agadir
31%
Shiraz
30%
Taiyuan
30%
Konya
30%
Erbil
30%
Nanchang
30%
Makassar
30%
Naha
30%
Lubumbashi
29%
Maceió
29%
Indore
29%
Wuxi
29%
Rawalpindi
29%
Voronezh
29%
Palembang
29%
Gaziantep
29%
Tabriz
29%
Jinan
29%
Changchun
28%
Guiyang
28%
Ningbo
28%
Jodhpur
28%
Qom
28%
Quetta
28%
Kayseri
28%
João Pessoa
28%
Varanasi
28%
Zibo
27%
Multan
27%
San Luis Potosí
27%
Bhilai
27%
Kumasi
27%
Yogyakarta
27%
Santos
27%
Cochabamba
27%
Querétaro
27%
Peshawar
27%
Vishakhapatnam
27%
San Pedro Sula
26%
Toluca
26%
Haikou
26%
Shijiazhuang
26%
Kochi
26%
Aguascalientes
26%
Coimbatore
26%
Bucaramanga
25%
Benin City
25%
Kaohsiung
25%
Sousse
25%
Xuzhou
24%
Allahabad
24%
Kaduna
24%
Madurai
24%
Cuernavaca
24%
Baotou
24%
Fuji
24%
Kirkuk
24%
Concepción
24%
Amritsar
24%
Jilin
24%
Salem
23%
Huizhou
23%
Aba
23%
Anshan
23%
Srinagar
23%
Okayama
23%
Vadodara
23%
Maiduguri
22%
Onitsha
22%
Mbuji-Mayi
22%
Kumamoto
22%
Rajkot
22%
Tangshan
22%
Changzhou
21%
Pointe-Noire
21%
Chandigarh
21%
Semarang
21%
Maracay
21%
Guwahati
21%
Nashik
21%
Mysore
21%
Barquisimeto
21%
Jabalpur
21%
Ahvaz
21%
Yantai
20%
Hamamatsu
20%
Cixi
20%
Ranchi
20%
Xining
20%
Angeles
20%
Bhubaneswar
20%
Ludhiana
20%
Jamshedpur
20%
Vijayawada
20%
Liuzhou
20%
Kotā
20%
Surakarta
20%
Pekanbaru
20%
Hengyang
20%
Weifang
19%
Aurangabad
19%
Baoding
19%
Bandar Lampung
19%
Hohhot
19%
Luoyang
19%
Taizhou
19%
Huainan
19%
Solapur
19%
Gwalior
19%
Gwangju
19%
Ulsan
19%
Guilin
19%
Taichung
19%
Daqing
19%
Yinchuan
19%
Daejeon
18%
Meerut
18%
Tainan
18%
Hubli
18%
Nantong
18%
Malang
18%
Tiruchirappalli
18%
Datong
18%
Linyi
17%
Bareilly
17%
Putian
17%
Dhanbad
17%
Wuhu
17%
Āsansol
17%
Qiqihar
17%
Kitakyushu
17%
Yiwu
17%
Yichang
17%
Alīgarh
17%
Shizuoka
17%
Zhanjiang
17%
Morādābād
16%
Xiangyang
16%
Gujranwala
16%
Maoming
16%
Zhuhai
16%
Huai'an
16%
Handan
15%
Wanzhou
15%
Baoji
15%
Batam
15%
Tiruppur
15%
Nanchong
15%
Benxi
15%
Zhuzhou
15%
Kaifeng
15%
Serang
15%
Qinhuangdao
15%
Yangzhou
14%
Tai'an
14%
Anyang
14%
Zunyi
14%
Lianyungang
14%
Mianyang
14%
Khulna
14%
Jalandhar
14%
Jining
13%
Xiangtan
13%
Nanyang
13%
Bengbu
13%
Changshu
13%
Qingyuan
13%
Jiangyin
13%
Cangnan
13%
Changwon
13%
Jinzhou
13%
Chifeng
13%
Zhangjiakou
13%
Yancheng
13%
Chonburi
11%
Ma'anshan
11%
Xinxiang
11%
Jiaozuo
11%
Xingtai
11%
Rizhao
11%
Huaibei
11%
Zhenjiang
10%

Score Distribution

Percentile by Number Answered

Percent of People with Each Score

Your Score History

You have not taken this quiz